|
|
|
|
| LEADER |
06193nam a22004093i 4500 |
| 001 |
EBC6913527 |
| 003 |
MiAaPQ |
| 005 |
20231204023221.0 |
| 006 |
m o d | |
| 007 |
cr cnu|||||||| |
| 008 |
231204s2018 xx o ||||0 cze d |
| 020 |
|
|
|a 9788021092754
|q (electronic bk.)
|
| 020 |
|
|
|z 9788021092747
|
| 035 |
|
|
|a (MiAaPQ)EBC6913527
|
| 035 |
|
|
|a (Au-PeEL)EBL6913527
|
| 035 |
|
|
|a (OCoLC)1305842807
|
| 040 |
|
|
|a MiAaPQ
|b eng
|e rda
|e pn
|c MiAaPQ
|d MiAaPQ
|
| 100 |
1 |
|
|a Chválová, Marie.
|
| 245 |
1 |
0 |
|a Příležitosti k rozvíjení autonomie žáka v hodinách anglického jazyka.
|
| 250 |
|
|
|a 1st ed.
|
| 264 |
|
1 |
|a Brno :
|b Masaryk University,
|c 2018.
|
| 264 |
|
4 |
|c {copy}2018.
|
| 300 |
|
|
|a 1 online resource (212 pages)
|
| 336 |
|
|
|a text
|b txt
|2 rdacontent
|
| 337 |
|
|
|a computer
|b c
|2 rdamedia
|
| 338 |
|
|
|a online resource
|b cr
|2 rdacarrier
|
| 490 |
1 |
|
|a Cizí jazyky a jejich didaktiky: teorie, empirie, praxe ;
|v v.8
|
| 505 |
0 |
|
|a Intro -- Obsah -- Poděkování -- Úvod -- 1 Vymezení řešené problematiky a základních pojmů -- 1.1 Autonomie učícího se jedince v obecné rovině -- 1.1.1 Teoretická východiska konceptu -- 1.1.2 Vymezení pojmu autonomie učícího se jedince -- 1.2 Autonomie učícího se jedince v rovině didaktiky cizích jazyků -- 1.2.1 Historický exkurz -- 1.2.2 Vymezení pojmu autonomie učícího se jedince ve výuce anglického jazyka -- 1.2.3 Autonomie učícího se jedince v metodách a přístupech k výuce cizích jazyků -- 1.2.4 Autonomie učícího se jedince v teoriích osvojování cizího jazyka -- 1.3 Rozvíjení autonomie učícího se jedince -- 1.4 Aspekty žákovy autonomie -- 1.4.1 Žákova volba a zodpovědnost -- 1.4.2 Žákova metakognice -- 1.4.3 Žákova spoluúčast na podobě výuky -- 1.4.4 Konstruování znalostí a řečových dovedností -- 1.4.5 Učební strategie -- 1.4.6 Motivace -- 1.4.7 Jazykové povědomí -- 1.5 Příležitosti k rozvíjení žákovy autonomie -- 1.6 Přesvědčení učitele ohledně žákovy autonomie -- 1.6.1 Přesvědčení učitele v zahraničním kontextu -- 1.6.2 Přesvědčení učitele v českém kontextu -- 1.6.3 Přesvědčení učitele v kontextu výuky anglického jazyka -- 1.7 Shrnutí teoretické části - vlastní vymezení žákovy autonomie -- 2 Přehled dosavadního stavu poznání -- 2.1 Výzkumy zaměřené na autonomii učícího se jedince -- 2.2 Výzkumy zaměřené na učitelovo přesvědčení ohledně autonomie učícího se jedince -- 2.3 Shrnutí kapitoly -- 3 Metodologie výzkumného šetření -- 3.1 Výzkumné cíle -- 3.2 Výzkumné otázky -- 3.3 Výzkumný design -- 3.4 Výběrový soubor -- 3.5 Metody sběru dat -- 3.6 Výzkumné nástroje -- 3.6.1 Pozorovací arch -- 3.6.2 Struktura rozhovoru -- 3.7 Průběh předvýzkumu -- 3.8 Etické otázky výzkumu -- 3.9 Validita a reliabilita -- 3.10 Analýza získaných dat -- 4 Výsledky výzkumného šetření 1 a jejich interpretace -- 4.1 Profily učitelek -- 4.1.1 Učitelka Šárka.
|
| 505 |
8 |
|
|a 4.1.2 Učitelka Lucie -- 4.1.3 Učitelka Simona -- 4.1.4 Učitelka Kamila -- 4.1.5 Učitelka Martina -- 4.2 Deklarované přesvědčení učitelek -- 4.2.1 Přesvědčení učitelů o žákově autonomii a jejídůležitosti -- 4.2.2 Poskytované příležitosti k rozvíjení žákovy autonomie ve výuce -- 4.2.3 Proměnné ovlivňující rozvíjení žákovy autonomie z pohledu vybraných učitelů -- 4.3 Shrnutí a diskuze ke kapitole -- 5 Výsledky výzkumného šetření 2 a jejich interpretace -- 5.1 Příležitosti k rozvíjení žákovy autonomie -- 5.1.1 Množství příležitostí poskytnutých k rozvíjení žákovy autonomie -- 5.1.2 Rozvíjené i opomenuté aspekty žákovy autonomie -- 5.1.3 Shrnutí a diskuze -- 5.2 Výukové situace rozvíjející žákovu autonomii -- 5.2.1 Výběr výukových situací a jejich znaky -- 5.2.2 Výsledky analýzy vybraných výukových situací rozvíjejících žákovu autonomii -- 5.2.3 Shrnutí a diskuze -- 5.3 Povaha vyučovacích hodin z hlediska rozvíjení žákovy autonomie -- 5.3.1 Rozvíjení žákovy autonomie - příklad jedné vyučovací hodiny -- 5.3.2 Vyhodnocení povahy vyučovací hodiny z hlediska rozvíjení žákovy autonomie -- 5.3.3 Vyhodnocení povahy 14 vyučovacích hodin -- 5.3.4 Shrnutí a diskuze -- 5.4 Přesvědčení vybraných učitelek a jejich jednání při výuce -- 5.4.1 Přesvědčení a výuka učitelky Martiny -- 5.4.2 Přesvědčení a výuka učitelky Simony -- 5.4.3 Přesvědčení a výuka učitelky Lucie -- 5.4.4 Přesvědčení a výuka učitelky Kamily -- 5.4.5 Přesvědčení a výuka učitelky Šárky -- 5.4.6 Shrnutí a diskuze -- 5.5 Požadavky ŠVP na rozvíjení autonomie žáků zúčastněných škol -- Závěry -- Výsledky výzkumu - shrnutí -- Limity výzkumu -- Další výzkum -- Pedagogické implikace a využití výsledků výzkumu -- Seznam použité literatury -- Seznam obrázků -- Seznam tabulek -- Seznam zkratek -- Summary -- Přílohy -- Příloha 1: Kategoriální systém pro pozorování příležitostí k rozvíjení autonomie žáka.
|
| 505 |
8 |
|
|a Příloha 2: Obsahové vymezení příležitostí - manuál pro kódovatele -- Příloha 3: Pojmová mapa.
|
| 588 |
|
|
|a Description based on publisher supplied metadata and other sources.
|
| 590 |
|
|
|a Electronic reproduction. Ann Arbor, Michigan : ProQuest Ebook Central, 2023. Available via World Wide Web. Access may be limited to ProQuest Ebook Central affiliated libraries.
|
| 655 |
|
4 |
|a Electronic books.
|
| 776 |
0 |
8 |
|i Print version:
|a Chválová, Marie
|t Příležitosti k rozvíjení autonomie žáka v hodinách anglického jazyka
|d Brno : Masaryk University,c2018
|z 9788021092747
|
| 797 |
2 |
|
|a ProQuest (Firm)
|
| 830 |
|
0 |
|a Cizí jazyky a jejich didaktiky: teorie, empirie, praxe
|
| 856 |
4 |
0 |
|u https://ebookcentral.proquest.com/lib/matrademy/detail.action?docID=6913527
|z Click to View
|